[Event "Titled Tuesday intern op 04th Feb Early"]
[Site "Chess.com INT"]
[Date "2025.02.04"]
[Round "11"]
[White "Shirov, Alexei"]
[Black "Drozdowski, Kacper"]
[Result "1-0"]
[WhiteElo "2648"]
[BlackElo "2450"]
[PlyCount "151"]
[EventDate "2025.02.04"]
[EventType "swiss (blitz)"]
[EventRounds "11"]
[EventCountry "USA"]
[SourceTitle "CB07_2025"]
[SourceDate "2025.02.12"]
[SourceVersion "1"]
[SourceVersionDate "2025.02.12"]
[SourceQuality "1"]

1. e4 c5 2. Nf3 e6 3. d4 cxd4 4. Nxd4 Nc6 5. Nc3 Qc7 6. Be3 a6 7. Qf3 b5 8. 0-0-0 Bb7 9. Bf4 Qb6 10. Nxc6 Bxc6 11. Nd5 exd5 12. exd5 Bb7 13. Bd3 Bd6 14. Rhe1+ Kf8 15. Be3 Qd8 16. Kb1 Ne7 17. Bd4 Ng6 18. g3 Qg5 19. h4 Nxh4 20. gxh4 Qf4 21. Qxf4 Bxf4 22. Bf5 d6 23. Bd7 h5 24. Re4 Be5 25. Bxe5 dxe5 26. Rxe5 Rd8 27. Rde1 g6 28. Bc6 Bxc6 29. dxc6 Rc8 30. Rc5 Kg7 31. c7 Rhf8 32. b4 f6 33. Re6 Rf7 34. Rec6 Re7 35. Kb2 Kf7 36. Kb3 Re4 37. Rxa6 Rxh4 38. Rac6 Re4 39. Rxb5 Re7 40. Rb7 h4 41. a4 h3 42. Rc3 h2 43. Rh3 Ke6 44. Rxh2 Rexc7 45. Rxc7 Rxc7 46. b5 Kd5 47. c4+ Kc5 48. Rg2 Rd7 49. Rxg6 Rd3+ 50. Kc2 Rf3 51. Rg4 Rxf2+ 52. Kd3 f5 53. Rg5 Rf3+ 54. Ke2 Rf4 55. Ke3 Rxc4 56. Rxf5+ Kb6 57. Rf6+ Kb7 58. Rf4 Rc1 59. Kd2 Rc8 60. Kd3 Kb6 61. Rf6+ Ka5 62. Ra6+ Kb4 63. b6 Kc5 64. a5 Kc6 65. Ra7 Kb5 66. Kd4 Rd8+ 67. Ke5 Kc6 68. Ke6 Re8+ 69. Kf7 Rh8 70. Kg7 Rd8 71. Kg6 Rg8+ 72. Kf5 Rh8 73. b7 Rb8 74. a6 Rf8+ 75. Ke6 Kb6 76. Ra8 1-0